01008nam a2200253 i 4500003000900000005001700009008004100026040004300067041000800110082002400118100003400142245018500176264004000361300002200401336002200423337002400445338003300469490006300502504004300565546002400608650003100632700003400663856005700697EG-GICUC20260405153039.0260405s1972 fr ||fr|||| 000 0 fre d aEG-GiCUCbfrecEG-GiCUCdEG-GiCUCerda 0afre04221a341.511bDR . C a De Visscher, CharleseAuteur10aCompétence Judiciaire Et Effets Des Jugements Dans Le Marché Commun :b(Etude De La Convention De Bruxelles Du 27 Septembre 1968) /cPar Georges A. L. Droz; Préface De Henri. 1aParis :bLibrairie Dalloz,c1972.. a576 pages,c24 cm 2rda contentatext 2rda mediaaComputer 2rda carrieraOnline Resource aBibliothèque De Droit International PrivévVolume Xiii aIncludes bibliographical references.  aTexte en français14aDroit international public1 aBatiffol , HenriePréfacier40uhttps://fll.law.cu.edu.eg/fulltext/bks/B11-09076.pdf